[Event "Thursday 2026.03.05 2nd"]
[Site "chess.com INT"]
[Date "2026.03.05"]
[Round "1"]
[White "Keleberda, Tymur"]
[Black "Alappatt, Steve Paul"]
[Result "1-0"]
[WhiteElo "2329"]
[BlackElo "2031"]
[WhiteFideId "-1"]
[BlackFideId "-1"]
[PlyCount "43"]
[GameId "2285932571739549"]
[EventDate "2026.03.05"]
[EventType "swiss (blitz)"]
[EventRounds "11"]
[EventCountry "NET"]
[SourceTitle "Mega2026 Update 19"]
[Source "Chessbase"]
[SourceDate "2026.03.14"]
[SourceVersion "1"]
[SourceVersionDate "2026.03.14"]
[SourceQuality "1"]

1. Nf3 g6 2. d4 Bg7 3. c4 d6 4. Nc3 Nc6 5. d5 Ne5 6. Nxe5 Bxe5 7. Qd3 Nf6 8. e4 c6 9. f4 Bxc3+ 10. Qxc3 cxd5 11. exd5 O-O 12. Bd3 e6 13. dxe6 Bxe6 14. O-O Rc8 15. f5 Qb6+ 16. Kh1 Bxc4 17. Qxf6 d5 18. Qxb6 axb6 19. Bxc4 Rxc4 20. Bh6 Rfc8 21. Rad1 d4 22. h3 1-0

[Event "Thursday 2026.03.05 2nd"]
[Site "chess.com INT"]
[Date "2026.03.05"]
[Round "2"]
[White "Sarana, Alexey"]
[Black "Keleberda, Tymur"]
[Result "1-0"]
[WhiteElo "2683"]
[BlackElo "2329"]
[WhiteFideId "-1"]
[BlackFideId "-1"]
[PlyCount "115"]
[GameId "2285932571772395"]
[EventDate "2026.03.05"]
[EventType "swiss (blitz)"]
[EventRounds "11"]
[EventCountry "NET"]
[SourceTitle "Mega2026 Update 19"]
[Source "Chessbase"]
[SourceDate "2026.03.14"]
[SourceVersion "1"]
[SourceVersionDate "2026.03.14"]
[SourceQuality "1"]

1. e4 c5 2. Nf3 d6 3. Nc3 Nf6 4. d4 cxd4 5. Nxd4 a6 6. Be2 e5 7. Nb3 Be7 8. Qd3 O-O {The old main line. The old main line.} 9. Bg5 Nbd7 10. O-O b5 11. Bxf6 Nxf6 12. a4 b4 13. Nd5 Nxd5 14. Qxd5 Be6 15. Qd2 $146 (15. Qd3 Qc7 16. Rac1 Rfc8 17. c4 Qc6 18. a5 Rf8 19. Rfd1 Rad8 20. Bf3 Rc8 21. Be2 {1-0 Quirhuayo Chumbe,G (1858)-Xie,L Wch U12 Al Ain 2013 (9)}) 15... d5 16. Rfd1 d4 17. Nc1 a5 18. Bd3 Bg5 19. Qe1 Rc8 20. b3 Bxc1 21. Raxc1 Qg5 22. Qd2 Qxd2 23. Rxd2 Bxb3 24. Ra1 Be6 25. g3 Rfd8 26. f4 exf4 27. gxf4 Kf8 28. Kf2 Ke7 29. f5 Bd7 30. Kf3 Rc3 31. Kf4 Ra3 32. Rxa3 bxa3 33. Rd1 Rc8 34. Ra1 Rc3 35. Ke5 Bxa4 36. Kxd4 Rc7 37. c4 Rd7+ 38. Kc3 Bc6 39. Rxa3 a4 40. e5 Rb7 41. Bc2 f6 42. e6 g6 43. Kd4 gxf5 44. Bxf5 Kd6 45. Rg3 Re7 46. Rg8 Be8 47. c5+ Kc7 48. Kd5 Bc6+ 49. Kc4 Be8 50. Rg3 Bg6 51. Bxg6 hxg6 52. Kd5 g5 53. Ra3 Re8 54. Rxa4 Rd8+ 55. Ke4 Kc6 56. Kf5 Kxc5 57. Kxf6 Kd5 58. e7 1-0

[Event "Thursday 2026.03.05 2nd"]
[Site "chess.com INT"]
[Date "2026.03.05"]
[Round "3"]
[White "Keleberda, Tymur"]
[Black "Smail, Benedict"]
[Result "0-1"]
[WhiteElo "2329"]
[BlackElo "2075"]
[WhiteFideId "-1"]
[BlackFideId "-1"]
[PlyCount "130"]
[GameId "2285932571801130"]
[EventDate "2026.03.05"]
[EventType "swiss (blitz)"]
[EventRounds "11"]
[EventCountry "NET"]
[SourceTitle "Mega2026 Update 19"]
[Source "Chessbase"]
[SourceDate "2026.03.14"]
[SourceVersion "1"]
[SourceVersionDate "2026.03.14"]
[SourceQuality "1"]

1. d4 Nf6 2. c4 e6 3. Nc3 Bb4 4. e3 c5 5. Nf3 O-O 6. Bd3 d5 7. cxd5 exd5 8. O-O Bg4 9. a3 Bxc3 10. bxc3 b6 11. h3 Bh5 12. a4 c4 13. Be2 Ne4 14. Qc2 Nc6 15. Ba3 Re8 16. Rae1 Qf6 17. Nd2 Nxd2 18. Qxd2 Bxe2 19. Rxe2 Re6 20. f3 Rae8 21. e4 Qg6 22. e5 f5 23. f4 Na5 24. Bb4 Nb3 25. Qe3 Qh5 26. Rf3 Rg6 27. Kh2 Ree6 28. Re1 a5 29. Ba3 Qh4 30. Ref1 Qd8 31. Rg3 Rxg3 32. Qxg3 Qe8 33. Qg5 Nd2 34. Re1 g6 35. Qh4 Ne4 36. Bb2 Kg7 37. Re3 Qxa4 38. Qd8 Qe8 39. Qc7+ Re7 40. Qxb6 Re6 41. Qxa5 Qf7 42. Ba3 g5 43. fxg5 f4 44. Rf3 Nxg5 45. Rf1 f3 46. Bc1 Rg6 47. Bxg5 Rxg5 48. Rxf3 Qg6 49. Qc7+ Kh6 50. Rf2 Rf5 51. Rxf5 Qxf5 52. e6 Qf6 53. Qf4+ Qxf4+ 54. Kg1 Qd6 55. e7 Qxe7 56. Kf2 Qe6 57. Kf1 Qe7 58. Kg1 Qe6 59. Kh2 Qe4 60. Kh1 Qxd4 61. Kh2 Qd3 62. g3 Qxc3 63. Kh1 Qd3 64. Kg2 Qd2+ 65. Kf3 c3 0-1

[Event "Titled Tuesday 2026.02.24"]
[Site "chess.com INT"]
[Date "2026.02.24"]
[Round "1"]
[White "Keleberda, Tymur"]
[Black "Jimenez Salas, Maria Teresa"]
[Result "0-1"]
[WhiteElo "2331"]
[BlackElo "2170"]
[WhiteFideId "-1"]
[BlackFideId "-1"]
[PlyCount "105"]
[GameId "2283337448403364"]
[EventDate "2026.02.24"]
[EventType "swiss (blitz)"]
[EventRounds "11"]
[EventCountry "NET"]
[SourceTitle "Mega2026 Update 18"]
[Source "Chessbase"]
[SourceDate "2026.03.06"]
[SourceVersion "1"]
[SourceVersionDate "2026.03.06"]
[SourceQuality "1"]

1. d4 d5 2. c4 c6 3. e3 Nf6 4. Nc3 Nbd7 5. Nf3 e6 6. Bd3 dxc4 7. Bxc4 b5 8. Bd3 Bb7 9. O-O a6 10. e4 c5 11. d5 Be7 12. dxe6 fxe6 13. Qc2 c4 14. Be2 O-O 15. Rd1 Qc7 16. Ng5 Qc6 17. Bf3 Ne5 18. Be2 h6 19. Nf3 Nxf3+ 20. Bxf3 e5 21. Be3 Bc5 22. Qe2 Rad8 23. Nd5 Kh8 24. a4 Bxe3 25. Qxe3 Nd7 26. axb5 axb5 27. Ra7 Nc5 28. h4 Rfe8 29. Bh5 Rf8 30. Ne7 Rxd1+ 31. Bxd1 Qd6 32. Ng6+ Qxg6 33. Qxc5 Rd8 34. Bf3 Bxe4 35. Qe7 Rg8 36. h5 Qf5 37. Bxe4 Qxe4 38. Qf7 Qb1+ 39. Kh2 Qxb2 40. Re7 Qd4 41. g3 Qg4 42. Rc7 e4 43. Re7 Qf3 44. Qg6 Qxf2+ 45. Kh3 Qf1+ 46. Kh4 Qh1+ 47. Kg4 Qf3+ 48. Kh3 e3 49. Re6 e2 50. Qc2 Qf1+ 51. Kh4 e1=Q 52. Rxe1 Qxe1 53. Qg6 0-1

[Event "Titled Tuesday 2026.02.24"]
[Site "chess.com INT"]
[Date "2026.02.24"]
[Round "2"]
[White "Sauer, Tim"]
[Black "Keleberda, Tymur"]
[Result "0-1"]
[WhiteElo "2123"]
[BlackElo "2331"]
[WhiteFideId "-1"]
[BlackFideId "-1"]
[PlyCount "114"]
[GameId "2283337448493685"]
[EventDate "2026.02.24"]
[EventType "swiss (blitz)"]
[EventRounds "11"]
[EventCountry "NET"]
[SourceTitle "Mega2026 Update 18"]
[Source "Chessbase"]
[SourceDate "2026.03.06"]
[SourceVersion "1"]
[SourceVersionDate "2026.03.06"]
[SourceQuality "1"]

1. d4 e6 2. Nf3 Nf6 3. c4 d5 4. Nc3 Be7 5. Bf4 O-O 6. e3 Nbd7 7. h3 c6 8. cxd5 exd5 9. Bd3 Re8 10. O-O Nf8 11. Rb1 Ng6 12. Bh2 a5 13. a3 Bd6 14. Bxd6 Qxd6 15. b4 axb4 16. axb4 b5 17. Qc2 Bd7 18. Nd2 Nh4 19. Rfc1 Qe6 20. Bf1 Qe7 21. g3 Nf5 22. Nb3 Nd6 23. Nc5 Bf5 24. Bd3 Bxh3 25. Ne2 Bg4 26. Kg2 Bh5 27. Nf4 Bg6 28. Bxg6 fxg6 29. Ra1 Nc4 30. Qe2 Ne4 31. Nfd3 Qf7 32. Ra2 Rxa2 33. Qxa2 Nxc5 34. Nxc5 g5 35. Qe2 h5 36. Ra1 g4 37. Ra6 Qg6 38. Qd3 Qf6 39. Qe2 Qd6 40. Nd3 Qe6 41. Nf4 Qe4+ 42. Kg1 h4 43. Rxc6 hxg3 44. fxg3 Nxe3 45. Rc3 Qxd4 46. Rd3 Qa7 47. Kh2 Re7 48. Ng6 Re6 49. Nf4 Rh6+ 50. Kg1 Nf5+ 51. Kg2 d4 52. Nd5 Qb7 53. Qe8+ Kh7 54. Qe4 Qf7 55. Nf4 Rd6 56. Rd2 d3 57. Kg1 Qa7+ 0-1

[Event "Titled Tuesday 2026.02.24"]
[Site "chess.com INT"]
[Date "2026.02.24"]
[Round "3"]
[White "Keleberda, Tymur"]
[Black "Jai, Sankar Subramanian"]
[Result "1/2-1/2"]
[WhiteElo "2331"]
[BlackElo "2158"]
[WhiteFideId "-1"]
[BlackFideId "-1"]
[PlyCount "94"]
[GameId "2283337448547034"]
[EventDate "2026.02.24"]
[EventType "swiss (blitz)"]
[EventRounds "11"]
[EventCountry "NET"]
[SourceTitle "Mega2026 Update 18"]
[Source "Chessbase"]
[SourceDate "2026.03.06"]
[SourceVersion "1"]
[SourceVersionDate "2026.03.06"]
[SourceQuality "1"]

1. e4 d6 2. d4 Nf6 3. Nc3 g6 4. g3 Bg7 5. Bg2 O-O 6. Nge2 e5 7. h3 Nc6 8. d5 Ne7 9. O-O Nh5 10. g4 Nf6 11. Be3 Ne8 12. Qd2 f5 13. gxf5 gxf5 14. f4 Ng6 15. fxe5 Nxe5 16. Bh6 Qf6 17. Bxg7 Qxg7 18. exf5 Bxf5 19. Nd4 Bxh3 20. Rxf8+ Kxf8 21. Kh2 Qxg2+ 22. Qxg2 Bxg2 23. Kxg2 Ng7 24. Rh1 h5 25. Ne4 Ke7 26. Ng5 c6 27. dxc6 bxc6 28. Ngf3 Nxf3 29. Kxf3 c5 30. Ne2 Rf8+ 31. Ke4 Kd7 32. Nf4 Kc6 33. Nxh5 d5+ 34. Kd3 c4+ 35. Ke2 Re8+ 36. Kd2 Rh8 37. Ng3 Rxh1 38. Nxh1 d4 39. Ng3 Kd5 40. Ne2 Ke4 41. Ng3+ Ke5 42. Ne2 Nf5 43. b3 Nd6 44. Ng3 Kf4 45. Ne2+ Ke5 46. Ng3 Kf4 47. Ne2+ Ke5 1/2-1/2

[Event "Titled Tuesday 2026.02.24"]
[Site "chess.com INT"]
[Date "2026.02.24"]
[Round "4"]
[White "Punin, Andrii"]
[Black "Keleberda, Tymur"]
[Result "1-0"]
[WhiteElo "2289"]
[BlackElo "2331"]
[WhiteFideId "-1"]
[BlackFideId "-1"]
[PlyCount "111"]
[GameId "2283337448661991"]
[EventDate "2026.02.24"]
[EventType "swiss (blitz)"]
[EventRounds "11"]
[EventCountry "NET"]
[SourceTitle "Mega2026 Update 18"]
[Source "Chessbase"]
[SourceDate "2026.03.06"]
[SourceVersion "1"]
[SourceVersionDate "2026.03.06"]
[SourceQuality "1"]

1. Nf3 d5 2. e3 Nf6 3. c4 c6 4. Nc3 e6 5. b3 Be7 6. Bb2 O-O 7. d4 Nbd7 8. Bd3 dxc4 9. bxc4 c5 10. O-O cxd4 11. exd4 b6 12. d5 Nc5 13. Re1 Re8 14. Bc2 Ba6 15. Qd4 Rc8 16. Rad1 exd5 17. Nxd5 Bf8 18. Qh4 Nfe4 19. Nf6+ gxf6 20. Rxd8 Rcxd8 21. h3 Bb7 22. Qg4+ Bg7 23. Nh4 Bc8 24. Nf5 Bxf5 25. Qxf5 Rd2 26. Bxe4 Rxb2 27. Re3 Kf8 28. Bd5 Rxe3 29. fxe3 Bh6 30. Qxh7 Bxe3+ 31. Kh1 Rb1+ 32. Kh2 Bf4+ 33. g3 Rb2+ 34. Kh1 Rb1+ 35. Kg2 Rb2+ 36. Kf3 Ne6 37. Bxe6 fxe6 38. gxf4 Rxa2 39. Qd7 e5 40. fxe5 fxe5 41. Ke4 a5 42. Kxe5 a4 43. Qf5+ Ke7 44. Kd5 a3 45. Qe6+ Kf8 46. Kc6 Kg7 47. Kxb6 Rb2+ 48. Kc5 Rb3 49. Qe5+ Kg6 50. h4 Kh6 51. Qg5+ Kh7 52. h5 Rb1 53. Qg6+ Kh8 54. h6 Rb7 55. Qf6+ Kh7 56. Qf5+ 1-0

[Event "Thursday 2026.02.19 2nd"]
[Site "chess.com INT"]
[Date "2026.02.19"]
[Round "1"]
[White "Keleberda, Tymur"]
[Black "Fajdetic, Hrvoje"]
[Result "1-0"]
[WhiteElo "2331"]
[BlackElo "2165"]
[WhiteFideId "-1"]
[BlackFideId "-1"]
[PlyCount "77"]
[GameId "2280863470224055"]
[EventDate "2026.02.19"]
[EventType "swiss (blitz)"]
[EventRounds "11"]
[EventCountry "NET"]
[SourceTitle "Mega2026 Update 17"]
[Source "Chessbase"]
[SourceDate "2026.02.28"]
[SourceVersion "1"]
[SourceVersionDate "2026.02.28"]
[SourceQuality "1"]

1. Nf3 f5 2. d4 e6 3. c4 Nf6 4. Nc3 Bb4 5. Bd2 O-O 6. g3 b6 7. Bg2 Bb7 8. O-O d6 9. Ne1 Bxg2 10. Nxg2 e5 11. Bg5 Bxc3 12. bxc3 Nc6 13. Qa4 Qe8 14. Qd1 Ne4 15. Bd2 exd4 16. cxd4 Nxd4 17. Nf4 g5 18. Be3 gxf4 19. Bxd4 fxg3 20. fxg3 Qg6 21. Bb2 Rf7 22. Qd4 Nf6 23. Rf4 Re8 24. Raf1 c5 25. Qd3 Ne4 26. Qd5 Re6 27. Rxf5 Rxf5 28. Rxf5 Nxg3 29. Rg5 Nxe2+ 30. Kf2 Nf4 31. Rxg6+ hxg6 32. Qa8+ Kf7 33. Kf3 Nd3 34. Bc3 Ne5+ 35. Bxe5 Rxe5 36. Qxa7+ Ke6 37. Qxb6 Rf5+ 38. Kg3 Re5 39. Qd8 1-0

[Event "Thursday 2026.02.19 2nd"]
[Site "chess.com INT"]
[Date "2026.02.19"]
[Round "2"]
[White "Keleberda, Tymur"]
[Black "Taher, Yoseph Theolifus"]
[Result "0-1"]
[WhiteElo "2331"]
[BlackElo "2451"]
[WhiteFideId "-1"]
[BlackFideId "-1"]
[PlyCount "24"]
[GameId "2280863470228158"]
[EventDate "2026.02.19"]
[EventType "swiss (blitz)"]
[EventRounds "11"]
[EventCountry "NET"]
[SourceTitle "Mega2026 Update 17"]
[Source "Chessbase"]
[SourceDate "2026.02.28"]
[SourceVersion "1"]
[SourceVersionDate "2026.02.28"]
[SourceQuality "1"]

1. e4 c5 2. Nf3 e6 3. Bd3 a6 4. O-O b5 5. c3 Bb7 6. Bc2 c4 7. b3 Qc7 8. Qe2 Nf6 9. Re1 Bc5 10. d4 cxd3 11. Bxd3 Ng4 12. Nd4 Qxh2+ 0-1

[Event "Thursday 2026.02.19 2nd"]
[Site "chess.com INT"]
[Date "2026.02.19"]
[Round "3"]
[White "Martic, Ivan"]
[Black "Keleberda, Tymur"]
[Result "1-0"]
[WhiteElo "2288"]
[BlackElo "2331"]
[WhiteFideId "-1"]
[BlackFideId "-1"]
[PlyCount "47"]
[GameId "2280863470261004"]
[EventDate "2026.02.19"]
[EventType "swiss (blitz)"]
[EventRounds "11"]
[EventCountry "NET"]
[SourceTitle "Mega2026 Update 17"]
[Source "Chessbase"]
[SourceDate "2026.02.28"]
[SourceVersion "1"]
[SourceVersionDate "2026.02.28"]
[SourceQuality "1"]

1. e4 c5 2. Nf3 d6 3. d4 cxd4 4. Nxd4 Nf6 5. Nc3 a6 6. Be2 e5 7. Nb3 Be7 8. g4 h6 9. Be3 Be6 10. h4 {now supersedes 10.Bf3. löst 10.Lf3 inzwischen ab.} Nh7 $146 (10... Nbd7 11. Rg1 Nh7 12. Rh1 Nhf6 13. Rg1 Nh7 14. Rh1 Nhf6 {½-½ Dragnev,V (2538)-Idani,P (2611) AUT-chT 2526 Austria 2025 (5.1)}) 11. g5 hxg5 12. hxg5 Bxg5 13. Bxg5 Qxg5 14. Qxd6 Nc6 15. Nd5 Bxd5 16. exd5 Rd8 17. Qc5 Nd4 18. Nxd4 exd4 19. Qxd4 O-O 20. Qd3 f5 21. d6 Rfe8 22. Kf1 Nf6 23. Qb3+ Kf8 24. Rh8+ 1-0

[Event "Thursday 2026.02.12 2nd"]
[Site "chess.com INT"]
[Date "2026.02.12"]
[Round "1"]
[White "Baker, Aidan"]
[Black "Keleberda, Tymur"]
[Result "0-1"]
[WhiteElo "2125"]
[BlackElo "2331"]
[WhiteFideId "-1"]
[BlackFideId "-1"]
[PlyCount "128"]
[GameId "2278348460618412"]
[EventDate "2026.02.12"]
[EventType "swiss (blitz)"]
[EventRounds "11"]
[EventCountry "NET"]
[SourceTitle "Mega2026 Update 16"]
[Source "Chessbase"]
[SourceDate "2026.02.21"]
[SourceVersion "1"]
[SourceVersionDate "2026.02.21"]
[SourceQuality "1"]

1. e4 c5 2. Nf3 d6 3. d4 cxd4 4. Nxd4 Nf6 5. Nc3 a6 6. a4 e5 7. Nf3 Be7 8. Bd3 O-O 9. O-O h6 10. Re1 Be6 11. b3 Qc7 12. Bb2 Rd8 13. Bf1 Nc6 14. Nd5 Bxd5 15. exd5 Nb4 16. c4 a5 17. h3 Na6 18. Bd3 Nc5 19. Bc2 Rf8 20. Nd2 Rae8 21. Qf3 Bd8 22. Ne4 Nfxe4 23. Bxe4 f5 24. Bc2 Qf7 25. Ba3 Bb6 26. Re2 e4 27. Qf4 Qf6 28. Rae1 g5 29. Qc1 Nd7 30. Bb2 Bd4 31. Ba3 Bc3 32. Rf1 Nc5 33. Bxc5 dxc5 34. f3 e3 35. Bd3 Bd2 36. Qc2 Qe5 37. Qb1 Qf4 38. Qc2 Re5 39. Qb1 Bc3 40. Qc2 Bd4 41. Qd1 Ree8 42. Qe1 Be5 43. g4 fxg4 44. hxg4 Bc7 45. Rg2 Rf6 46. Qe2 Kg7 47. Bf5 Re7 48. Qd3 Bd6 49. Re1 Qd4 50. Qc2 Qe5 51. Ree2 Ref7 52. Qd3 Re7 53. Kf1 Qf4 54. Qc2 Be5 55. Kg1 Bd4 56. Be4 Qe5 57. Qd3 Ref7 58. Qc2 Rf4 59. Rg3 Rxe4 60. Rgg2 Ref4 61. Rxe3 Rxf3 62. Qg6+ Kxg6 63. Kh1 Qxe3 64. Rg1 Qxg1# 0-1

[Event "Thursday 2026.02.12 2nd"]
[Site "chess.com INT"]
[Date "2026.02.12"]
[Round "2"]
[White "Keleberda, Tymur"]
[Black "Kollars, Dmitrij"]
[Result "0-1"]
[WhiteElo "2331"]
[BlackElo "2624"]
[WhiteFideId "-1"]
[BlackFideId "-1"]
[PlyCount "124"]
[GameId "2278348460643045"]
[EventDate "2026.02.12"]
[EventType "swiss (blitz)"]
[EventRounds "11"]
[EventCountry "NET"]
[SourceTitle "Mega2026 Update 16"]
[Source "Chessbase"]
[SourceDate "2026.02.21"]
[SourceVersion "1"]
[SourceVersionDate "2026.02.21"]
[SourceQuality "1"]

1. e4 e5 2. Nf3 Nc6 3. Bc4 Nf6 4. d4 exd4 5. e5 Ne4 6. Qe2 Nc5 7. O-O Be7 8. Rd1 Ne6 9. Bxe6 fxe6 10. Nxd4 Nxd4 11. Rxd4 O-O 12. Bf4 b6 13. Bg3 Bb7 14. c4 Qe8 15. Nc3 Bc6 16. Nb5 Qc8 17. Rad1 a6 18. Nc3 Qb7 19. Rxd7 Bxd7 20. Rxd7 Rf7 21. Qg4 Qc6 22. Rd1 Rd8 23. Rxd8+ Bxd8 24. h4 Rf5 25. Kh2 Be7 26. Ne4 Kf8 27. Qe2 h6 28. Qd3 Kg8 29. Nc3 Bc5 30. Qe2 Bd4 31. Ne4 Bxe5 32. Qg4 Bxg3+ 33. Nxg3 Qd6 34. Kh3 Rf7 35. Ne4 Qe5 36. f3 Qf5 37. Kg3 Qxg4+ 38. Kxg4 Rd7 39. c5 Rd1 40. cxb6 cxb6 41. b3 Ra1 42. Nc3 b5 43. b4 Rc1 44. Ne4 Rc2 45. Nc5 Rxg2+ 46. Kf4 Rxa2 47. Ke5 a5 48. bxa5 Rxa5 49. Kxe6 b4 50. Nb3 Ra3 51. Nd4 b3 52. Nxb3 Rxb3 53. f4 Rf3 54. Kf5 Rg3 55. h5 Kf7 56. Ke4 Kf6 57. f5 Rg5 58. Kf4 Rxh5 59. Kg4 Rg5+ 60. Kh4 Rxf5 61. Kh3 Rg5 62. Kh4 Kf5 0-1

[Event "Thursday 2026.02.12 2nd"]
[Site "chess.com INT"]
[Date "2026.02.12"]
[Round "3"]
[White "Craciun, Sasha Matei"]
[Black "Keleberda, Tymur"]
[Result "0-1"]
[WhiteElo "2213"]
[BlackElo "2331"]
[WhiteFideId "-1"]
[BlackFideId "-1"]
[PlyCount "76"]
[GameId "2278348460675881"]
[EventDate "2026.02.12"]
[EventType "swiss (blitz)"]
[EventRounds "11"]
[EventCountry "NET"]
[SourceTitle "Mega2026 Update 16"]
[Source "Chessbase"]
[SourceDate "2026.02.21"]
[SourceVersion "1"]
[SourceVersionDate "2026.02.21"]
[SourceQuality "1"]

1. e4 c5 2. Nf3 d6 3. Bb5+ Nd7 4. a4 a6 5. Be2 g6 6. O-O Bg7 7. Nc3 Ngf6 8. d4 cxd4 9. Nxd4 O-O 10. Be3 b6 11. Nc6 Qe8 12. Nd5 Nxd5 13. exd5 Bb7 14. Bd4 e5 15. Bc3 f5 16. f4 Qf7 17. b4 Nf6 18. fxe5 Nxd5 19. e6 Qxe6 20. Bxg7 Kxg7 21. Nd4 Qf6 22. Qd2 Rf7 23. c4 Nc7 24. Rad1 Re8 25. Bf3 Bxf3 26. Nxf3 Rd7 27. Qf2 Re4 28. Qxb6 Rxc4 29. Rfe1 d5 30. Qb8 Re4 31. b5 axb5 32. axb5 Ne6 33. b6 Nc5 34. Rxe4 fxe4 35. Nd4 Rf7 36. Nc6 Qf2+ 37. Kh1 Qf1+ 38. Rxf1 Rxf1# 0-1

[Event "Thursday 2026.02.12 2nd"]
[Site "chess.com INT"]
[Date "2026.02.12"]
[Round "4"]
[White "Keleberda, Tymur"]
[Black "Maghsoodloo, Parham"]
[Result "0-1"]
[WhiteElo "2331"]
[BlackElo "2708"]
[WhiteFideId "-1"]
[BlackFideId "-1"]
[PlyCount "90"]
[GameId "2278348460700515"]
[EventDate "2026.02.12"]
[EventType "swiss (blitz)"]
[EventRounds "11"]
[EventCountry "NET"]
[SourceTitle "Mega2026 Update 16"]
[Source "Chessbase"]
[SourceDate "2026.02.21"]
[SourceVersion "1"]
[SourceVersionDate "2026.02.21"]
[SourceQuality "1"]

1. e4 c5 2. Nf3 d6 3. c3 Nf6 4. h3 Nc6 5. Bd3 g6 6. Bc2 Bg7 7. O-O e5 8. d4 exd4 9. cxd4 O-O 10. Nc3 b6 11. d5 Ne7 12. Bf4 h6 13. Re1 a6 14. Bh2 Bb7 15. a4 Re8 16. Qd2 g5 17. Rad1 Ng6 18. e5 Nxe5 19. Nxe5 dxe5 20. Bxe5 b5 21. axb5 axb5 22. d6 Bc6 23. Bxf6 Qxf6 24. Be4 Bxe4 25. Nxe4 Qd4 26. Qc2 Qc4 27. Qxc4 bxc4 28. d7 Reb8 29. Rc1 Rb4 30. Nxc5 Rf8 31. Re8 Bf6 32. Ne4 Bd8 33. Nd6 Rxb2 34. Rce1 Rd2 35. Rxf8+ Kxf8 36. Re8+ Kg7 37. Nb7 Rd1+ 38. Kh2 Bc7+ 39. g3 Rxd7 40. Nc5 Rd5 41. Ne4 Ba5 42. Rc8 Rd4 43. f3 f5 44. Nc5 Rd2+ 45. Kg1 c3 0-1

[Event "Thursday 2026.02.12 2nd"]
[Site "chess.com INT"]
[Date "2026.02.12"]
[Round "5"]
[White "Keleberda, Tymur"]
[Black "Vivas Zamora, Fabian Ernesto"]
[Result "1-0"]
[WhiteElo "2331"]
[BlackElo "2379"]
[WhiteFideId "-1"]
[BlackFideId "-1"]
[PlyCount "117"]
[GameId "2278348460729250"]
[EventDate "2026.02.12"]
[EventType "swiss (blitz)"]
[EventRounds "11"]
[EventCountry "NET"]
[SourceTitle "Mega2026 Update 16"]
[Source "Chessbase"]
[SourceDate "2026.02.21"]
[SourceVersion "1"]
[SourceVersionDate "2026.02.21"]
[SourceQuality "1"]

1. e4 e5 2. Nf3 Nc6 3. Bc4 Nf6 4. d4 exd4 5. e5 d5 6. Bb5 Nd7 7. O-O Be7 8. Bxc6 bxc6 9. Nxd4 Nb8 10. Nc3 O-O 11. Qf3 a5 12. Re1 Ra6 13. Bf4 c5 14. Ndb5 d4 15. Nd5 Rg6 16. Nbxc7 Bg4 17. Qe4 Nc6 18. Bg3 h5 19. Nxe7+ Nxe7 20. e6 f5 21. Qb7 f4 22. Bh4 Bh3 23. g3 Rg4 24. Nb5 g5 25. f3 gxh4 26. fxg4 fxg3 27. hxg3 hxg3 28. Re5 Rf2 29. Rg5+ Kf8 30. Rxh5 Rg2+ 31. Qxg2 Bxg2 32. Kxg2 Qa8+ 33. Kxg3 Qb8+ 34. Kh4 Qxb5 35. Re1 Kg7 36. Rg5+ Kh6 37. Rh5+ Kg6 38. Rg5+ Kf6 39. Rge5 Qc6 40. R5e4 Ng6+ 41. Kg3 Qd6+ 42. Kh3 Ne7 43. Rf1+ Kg6 44. Rf7 Qd5 45. Ref4 Qxe6 46. Rf8 Nd5 47. Rf3 Qe7 48. Kg2 Qh7 49. R8f5 Qe7 50. Rxd5 Qe2+ 51. Kg3 Qxc2 52. Rdf5 Kg7 53. Rf7+ Kg8 54. R7f6 Kg7 55. Kh4 Qe4 56. Kg5 Qe7 57. R3f5 c4 58. Rf4 d3 59. Rf3 1-0

[Event "Thursday 2026.02.12 2nd"]
[Site "chess.com INT"]
[Date "2026.02.12"]
[Round "6"]
[White "Mahdavi, Reza"]
[Black "Keleberda, Tymur"]
[Result "1-0"]
[WhiteElo "2490"]
[BlackElo "2331"]
[WhiteFideId "-1"]
[BlackFideId "-1"]
[PlyCount "187"]
[GameId "2278348460766196"]
[EventDate "2026.02.12"]
[EventType "swiss (blitz)"]
[EventRounds "11"]
[EventCountry "NET"]
[SourceTitle "Mega2026 Update 16"]
[Source "Chessbase"]
[SourceDate "2026.02.21"]
[SourceVersion "1"]
[SourceVersionDate "2026.02.21"]
[SourceQuality "1"]

1. e4 e6 2. d3 d5 3. Nd2 Nf6 4. Ngf3 c5 5. g3 Be7 6. Bg2 O-O 7. O-O Nc6 8. Re1 a5 9. a4 Qc7 10. e5 Nd7 11. Qe2 f6 12. exf6 Nxf6 13. c3 Bd7 14. Nf1 Bd6 15. Ne3 Rae8 16. d4 cxd4 17. cxd4 Nb4 18. Bd2 Qb6 19. Bc3 Re7 20. h3 Be8 21. Ng4 Bg6 22. Nfe5 Be4 23. f3 Bf5 24. Rac1 Nxg4 25. hxg4 Bxe5 26. Qxe5 Nd3 27. Qe3 Nxe1 28. Rxe1 Bg6 29. f4 Be4 30. Bxe4 dxe4 31. Qxe4 Rfe8 32. Qe5 Qb3 33. Qxa5 Rd7 34. Kf2 Rc8 35. Qb5 Qxb5 36. axb5 Kf7 37. Kf3 Rd5 38. Ke4 Rxb5 39. Rh1 h6 40. Ra1 Rc7 41. Ra8 Rd7 42. Rb8 Rb3 43. f5 exf5+ 44. gxf5 Rb6 45. g4 Ra6 46. Kf4 Ra1 47. Kf3 Rd1 48. Kf2 Rd3 49. Kg2 Re3 50. Kf2 Rd3 51. Rc8 Rh3 52. Rc5 Rd3 53. Rb5 Re7 54. Bb4 Rd7 55. Bc3 Re7 56. Rc5 Rd1 57. Re5 Rd7 58. Kf3 Rd3+ 59. Ke4 Rg3 60. Kf4 Rg1 61. Re2 Rf1+ 62. Kg3 Ra1 63. Rg2 Ra6 64. Rf2 Rc6 65. Kf4 Rcd6 66. Rh2 Rd5 67. g5 hxg5+ 68. Kxg5 Rb5 69. Re2 Rdd5 70. Rf2 Rd7 71. Kg4 Rb6 72. Re2 Rbd6 73. Re3 Rd5 74. Kf4 Rb5 75. Re1 Rb6 76. Kg5 Ra6 77. Rg1 Rad6 78. Rh1 Rd5 79. Rh7 Rb5 80. Kg4 Rdd5 81. Rh5 Kg8 82. Rg5 Rb6 83. f6 Rxg5+ 84. Kxg5 Rxf6 85. d5 Rb6 86. Kf4 Rb5 87. Ke4 Kf7 88. Be5 Ke8 89. Kd4 Ra5 90. Kc4 Ra6 91. b3 Kd7 92. b4 g5 93. Kd4 g4 94. Kc4 1-0